Southville International School and Colleges
Your cart is empty.
  • Cart
  • Lists
    Public lists Eva Luna New books Lux_list list_1
    Your lists Log in to create your own lists
  • Log in to your account
  • Your cookies
  • Search history
Southville International School and Colleges
  • Advanced search
  • Recent comments
  • Most popular
  • Libraries

Log in to your account

Log in with GOOGLE


If you do not have an external account, but do have a local account, you can still log in:

  1. Home
  2. MARC view: Never by chance :
Normal view MARC view ISBD view

Never by chance : (Record no. 25002)

[ view plain ]
MARC details
000 -LEADER
fixed length control field 00593nam a2200193 a 4500
005 - DATE AND TIME OF LATEST TRANSACTION
control field 20140310183554.0
008 - FIXED-LENGTH DATA ELEMENTS--GENERAL INFORMATION
fixed length control field 111026s19uu xx 00 eng d
020 ## - INTERNATIONAL STANDARD BOOK NUMBER
International Standard Book Number 9780470561997
050 ## - LIBRARY OF CONGRESS CALL NUMBER
Classification number HD 62.4
Item number .C355 2010
100 ## - MAIN ENTRY--PERSONAL NAME
Personal name Calloway, Joe
245 ## - TITLE STATEMENT
Title Never by chance :
Remainder of title aligning people and strategy through intentional leadership /
Statement of responsibility, etc Joe Calloway, Chuck Feltz, Kris Young.
260 ## - PUBLICATION, DISTRIBUTION, ETC. (IMPRINT)
Place of publication, distribution, etc New Jersey :
Name of publisher, distributor, etc John Wiley & Sons,
Date of publication, distribution, etc 2010.
300 ## - PHYSICAL DESCRIPTION
Extent 154 p. :
Dimensions 24 cm.
521 ## - TARGET AUDIENCE NOTE
Target audience note
650 ## - SUBJECT ADDED ENTRY--TOPICAL TERM
Topical term or geographic name as entry element Business planning
650 ## - SUBJECT ADDED ENTRY--TOPICAL TERM
Topical term or geographic name as entry element Leadership
942 ## - ADDED ENTRY ELEMENTS (KOHA)
Koha item type Books
Source of classification or shelving scheme Library of Congress Classification
Call number prefix Foreign
Holdings
Withdrawn status Lost status Source of classification or shelving scheme Damaged status Home library Current library Shelving location Date acquired Source of acquisition Cost, normal purchase price Total Checkouts Full call number Barcode Date last seen Copy number Price effective from Koha item type
    Library of Congress Classification   College Library College Library General Circulation Section 10/26/2011 Donation 1317.00   HD 62.4 .C355 2010 C13869 05/15/2018 1 10/18/2013 Books

Never by chance :

APA

Calloway J., . (2010). Never by chance. New Jersey: John Wiley & Sons.

Chicago

Calloway Joe, . 2010. Never by chance. New Jersey: John Wiley & Sons.

Harvard

Calloway J., . (2010). Never by chance. New Jersey: John Wiley & Sons.

MLA

Calloway Joe, . Never by chance. New Jersey: John Wiley & Sons. 2010.

  • Place hold
  • Print
  • Cite
  • Add to your cart (remove)
  • Save record
    BIBTEX Dublin Core MARCXML MARC (non-Unicode/MARC-8) MARC (Unicode/UTF-8) MARC (Unicode/UTF-8, Standard) MODS (XML) RIS
  • More searches
    Search for this title in:
    Other Libraries (WorldCat) Other Databases (Google Scholar) Online Stores (Bookfinder.com) Open Library (openlibrary.org)

Exporting to Dublin Core...

SOUTHVILLE LIBRARY

Southville International School and Colleges Library

1281 Tropical Ave. Cor. Luxembourg St., BF Homes International, Las Pinas City

Tel. No. 8256374 / 252358 Loc. 117/146

Powered by Koha